| 000 | 00000nam##2200000za#4500 |
| 001 | 9.572571 |
| 003 | CaOODSP |
| 005 | 20210624183303 |
| 007 | cr ||||||||||| |
| 008 | 150406|1999||||xxc|||||o f|0| 0 eng|d |
| 040 | |aCaOODSP|beng |
| 043 | |an-cn--- |
| 086 | 1 |aH113-1/27-1999E-PDF |
| 110 | 1 |aCanada. |bPest Management Regulatory Agency. |
| 245 | 10|aPesticide use in and around the home |h[electronic resource] |
| 250 | |aReformatted April 1999 |
| 260 | |aOttawa - Ontario : |bHealth Canada. |cApril 1997. |
| 300 | |a2p.|billus. (some coloured) |
| 490 | 1 |aPest note |
| 590 | |a12-07-Supp|b2012-03-09 |
| 690 | 07|aPesticides|2gcpds |
| 690 | 07|aHousing|2gcpds |
| 775 | 08|tUtilisation de pesticides à la maison |w(CaOODSP)9.602917 |
| 776 | 0#|tPesticide use in and around the home |w(CaOODSP)9.615607 |
| 830 | #0|aPest note.|w(CaOODSP)9.504455 |
| 856 | 40|ahttp://publications.gc.ca|qPDF|s609 KB|uhttps://publications.gc.ca/collections/Collection/H113-1-27-1999E.pdf |